000 01509nam a2200373 c 4500
003 BLK
005 20250714101142.0
008 180411b bul|||||r ||||||| ||bul||
010 _aKNG00188865000
020 _a978-619-150-114-4
_bиздат.: Колибри
040 _aBLK
041 _aBUL
_cBUL
072 7 _2bullib
_aН83
_xЧужда художествена литература Н
080 _aАмериканска литература (на САЩ)
_b821.111(73)
_x-312.4
_z821.111(73)-312.4
100 1 _aХофман, Джилиан
_eпърви автор
_9295737
700 _aПанайотова, Валерия Петрова
_d1948-
_9369819
139 _aХофман, Джилиан
_bХ 71
245 1 0 _aНевръстни красавици
_bРоман
_cДжилиан Хофман; прев. от англ. Валерия Панайотова.
257 _aUSA
260 София
_bКолибри
_c2013
_fСофия : Инвестпрес
300 _a343 с.
_c20 см
380 _aX
490 1 _aСъвременни трилъри
500 _aОриг. загл. Pretty Little Things / Jilliane Hoffman. - Съдържа и за авт.
653 _aкрими
653 _aромани
659 _aН
852 _aЦб 281292
856 4 _qpdf
_u
856 4 _qpdf
_u
942 _cKNG
_n0
_034
944 _aCR
_c28.06.2016
_lМоника Янева
_k30570
944 _aED
_c29.03.2017
_lф /
_kЛюдмила_Стоянова
999 _c180041
_d180041